Game Show by IMDb Description Quiz Stats

 Plays Quiz Updated Sep 24, 2018

Score 0/25 Timer 05:00
0 Plays Today
% Correct
Wheel of Fortune
88.6%
Weakest Link
87.4%
Family Feud
87.2%
Name That Tune
86.6%
Supermarket Sweep
86.2%
Fear Factor
86%
Who Wants to Be a Millionaire
84.9%
The Newlywed Game
84.8%
The Dating Game
84.7%
The Price Is Right
84.4%
Deal or No Deal
83.5%
Jeopardy!
82.7%
Hollywood Squares
81.7%
% Correct
American Gladiators
79.9%
Double Dare
72.1%
Pictionary
71.1%
Let's Make a Deal
67.9%
The $10,000 Pyramid
67.5%
To Tell the Truth
66.9%
The Match Game
60.7%
Press Your Luck
57.4%
Concentration
53.4%
What's My Line?
50.9%
The Joker's Wild
50.2%
Win, Lose or Draw
40.1%

You're not logged in!

Compare scores with friends on all Sporcle quizzes.
OR
Log In

Sporcle TV

Today on Sporcle TV


Watch our educational content, quiz creation guides, and fun videos on Sporcle TV.

Show Comments

Extras

Top Quizzes Today


Score Distribution

Your Account Isn't Verified!

In order to create a playlist on Sporcle, you need to verify the email address you used during registration. Go to your Sporcle Settings to finish the process.

Report this User

Report this user for behavior that violates our Community Guidelines.

Details: